|
|
|
|
| LEADER |
01926nam a22003374a 4500 |
| 001 |
43807 |
| 003 |
BD-DhAAL |
| 005 |
20250814181012.0 |
| 008 |
130602t20082007nju b 001 0 eng |
| 010 |
|
|
|a 2006041697
|
| 020 |
|
|
|a 9788131720240
|a 0131499335
|
| 040 |
|
|
|a DLC
|c DLC
|d DLC
|d BD-DhAAL
|
| 050 |
0 |
0 |
|a QC355.3
|b .P43 2007
|
| 082 |
0 |
0 |
|a 535
|2 22
|
| 100 |
1 |
|
|a Pedrotti, Frank L.,
|d 1932-
|9 2034
|
| 245 |
1 |
0 |
|a Introduction to optics /
|c Frank L. Pedrotti, Leno M. Pedrotti and Leno S. Pedrotti.
|
| 250 |
|
|
|a Third edition.
|
| 260 |
|
|
|a Upper Saddle River, N.J. :
|b Pearson/Prentice Hall,
|c c2007 [First impression 2008].
|
| 300 |
|
|
|a 656 pages :
|b illustrations ;
|c 29 cm.
|
| 504 |
|
|
|a Includes bibliographical references (p. 639-642) and index.
|
| 541 |
|
|
|a Donated by Oishik Hasan ID: 20311002 (43807)
|e 27124, 26125, 26126, 43807
|
| 650 |
|
0 |
|a Optics.
|9 690
|
| 700 |
1 |
|
|a Pedrotti, Leno Matthew.
|9 2035
|
| 700 |
1 |
|
|a Pedrotti, Leno S.,
|d 1927-
|9 2036
|
| 852 |
|
|
|a Ayesha Abed Library
|c General Stacks
|
| 942 |
|
|
|2 ddc
|c BK
|
| 999 |
|
|
|c 13535
|d 13535
|
| 952 |
|
|
|0 0
|1 0
|2 ddc
|4 0
|6 535_000000000000000_PED
|7 0
|9 22607
|a BRACUL
|b BRACUL
|c GEN
|d 2013-06-02
|e Development Book Agency
|g 1400.00
|l 4
|m 12
|o 535 PED
|p 3010027124
|r 2022-12-28
|s 2022-10-11
|t 1
|w 2013-06-02
|y BK
|
| 952 |
|
|
|0 0
|1 0
|2 ddc
|4 0
|6 535_000000000000000_PED
|7 0
|9 22608
|a BRACUL
|b BRACUL
|c GEN
|d 2013-06-02
|e Development Book Agency
|g 1400.00
|l 5
|m 23
|o 535 PED
|p 3010027125
|r 2022-12-07
|s 2022-11-03
|t 2
|w 2013-06-02
|y BK
|
| 952 |
|
|
|0 0
|1 0
|2 ddc
|4 0
|6 535_000000000000000_PED
|7 0
|9 22609
|a BRACUL
|b BRACUL
|c GEN
|d 2013-06-02
|e Development Book Agency
|g 1400.00
|l 10
|m 75
|o 535 PED
|p 3010027126
|r 2025-09-23
|s 2025-08-28
|t 3
|w 2013-06-02
|y BK
|
| 952 |
|
|
|0 0
|1 0
|2 ddc
|4 0
|6 535_000000000000000_PED
|7 0
|9 77006
|a BRACUL
|b BRACUL
|c GEN
|d 2024-12-04
|e Donated by Oishik Hasan ID: 20311002
|l 1
|m 7
|o 535 PED
|p 3010043807
|r 2025-10-27
|s 2025-09-14
|t 4
|w 2024-12-04
|y BK
|x Donated by Oishik Hasan ID: 20311002. Price not available in register.
|